[Event "Play your favorite openings"]
[Site "SchemingMind.com"]
[Date "2020.02.28"]
[Round "-"]
[White "David Perna-Fraser"]
[Black "Raymond de Kemp"]
[Result "0-1"]
[WhiteCountry "CAN"]
[BlackCountry "NED"]
[WhiteElo "1857"]
[WhiteRD "68"]
[BlackElo "1839"]
[BlackRD "71"]
[GameID "451894"]

1. e4 c5 2. Nf3 d6 3. d4 cxd4 4. Nxd4 Nf6 5. Nc3 a6 6. f3 e5 7. Nb3 Be6 8. Be3 Nbd7 9. Qd2 b5 10. g4 Nb6
11. g5 Nfd7 12. h4 Nc4 13. Bxc4 bxc4 14. Nc1 Rb8 15. b3 Be7 16. Nd5 Bxd5 17. exd5 h6 18. Rg1 e4 19. fxe4 Ne5 20. Qf2 hxg5
21. Bxg5 Bxg5 22. Rxg5 Qa5+ 23. Kf1 Qc3 24. Rb1 Nf3
0-1

[Event "Play your favorite openings"]
[Site "SchemingMind.com"]
[Date "2020.02.29"]
[Round "-"]
[White "Raymond de Kemp"]
[Black "David Perna-Fraser"]
[Result "1-0"]
[WhiteCountry "NED"]
[BlackCountry "CAN"]
[WhiteElo "1839"]
[WhiteRD "71"]
[BlackElo "1857"]
[BlackRD "68"]
[GameID "451895"]

1. d4 Nf6 2. Bf4 d6 3. e3 b6 4. Qf3 c6 5. h3 Bb7 6. Nc3 e6 7. Bd3 Be7 8. O-O-O a5 9. a4 Na6 10. g4 Nb4
11. Bf1 Qc8 12. e4 Ba6 13. Bxa6 Qxa6 14. g5 Nd7 15. Nge2 b5 16. Qg3 bxa4 17. Bxd6 Bxd6 18. Qxd6 Rb8 19. d5
1-0

[Event "Play your favorite openings"]
[Site "SchemingMind.com"]
[Date "2020.03.03"]
[Round "-"]
[White "Glenn O'Brien"]
[Black "David Hartley"]
[Result "1-0"]
[WhiteCountry "AUS"]
[BlackCountry "ENG"]
[WhiteElo "1997"]
[WhiteRD "81"]
[BlackElo "1709"]
[BlackRD "72"]
[GameID "451920"]

1. e4 e5 2. Nf3 Nc6 3. Bb5 a6 4. Ba4 Nf6 5. O-O Be7 6. Re1 b5 7. Bb3 d6 8. c3 O-O 9. h3 Bb7 10. d3 Na5
11. Bc2 Re8 12. Nbd2 Qd7 13. Nf1 Nc6 14. Bb3 Nd8 15. Ng3 Ne6 16. d4 exd4 17. cxd4 Rf8 18. Re2 c5 19. d5 Nc7 20. Bf4 c4
21. Bc2 Rfe8 22. Nf5 Bf8 23. N5d4 g6 24. Qd2 Red8 25. Bh6 Bc8 26. Nc6 Re8 27. Bxf8 Rxf8 28. Ncd4 Rd8 29. b3 cxb3 30. axb3 Qe8
31. Qc3 Rd7 32. Nxb5 axb5 33. Rxa8 Nxa8 34. Qxf6 Qf8 35. Nd4 Qg7 36. Qxg7+ Kxg7 37. Bd3 Nc7 38. Nxb5 Ba6 39. Nxc7 Bxd3 40. Re3 Rxc7
41. Rxd3 Kf6 42. f4 Ke7 43. e5 Rd7 44. Rd4 dxe5 45. fxe5 Rb7 46. b4 f6 47. Rh4 h5 48. e6 Kd6 49. Rd4 Ke5 50. Re4+ Kd6
51. Kf2 f5 52. Rd4 Rb8 53. Ke3
1-0

[Event "Play your favorite openings"]
[Site "SchemingMind.com"]
[Date "2020.03.04"]
[Round "-"]
[White "David Hartley"]
[Black "Glenn O'Brien"]
[Result "0-1"]
[WhiteCountry "ENG"]
[BlackCountry "AUS"]
[WhiteElo "1720"]
[WhiteRD "78"]
[BlackElo "1953"]
[BlackRD "82"]
[GameID "451921"]

1. e4 e5 2. Nf3 Nc6 3. Bb5 a6 4. Ba4 Nf6 5. O-O Be7 6. Re1 b5 7. Bb3 O-O 8. c3 Na5 9. Bc2 d6 10. d3 c5
11. b3 Nc6 12. h3 Be6 13. Be3 d5 14. exd5 Nxd5 15. Bd2 f6 16. c4 Ndb4 17. Nc3 Nxc2 18. Qxc2 Nb4 19. Qb1 Nxd3 20. Re3 bxc4
21. Ne1 Nxe1 22. Bxe1 Qb8 23. bxc4 Qxb1 24. Nxb1 Bxc4 25. Rc3 Bd5 26. Nd2 Rfd8 27. Nb3 c4 28. Nd2 Bb4 29. Rc2 Rac8 30. Nf1 Be4
31. Rcc1 Ba3 32. Rd1 Rxd1 33. Rxd1 c3 34. Bxc3 Rxc3 35. Rd8+ Kf7 36. Rd6 Bxd6
0-1

[Event "Play your favorite openings"]
[Site "SchemingMind.com"]
[Date "2020.02.29"]
[Round "-"]
[White "Glenn O'Brien"]
[Black "Clive Everill"]
[Result "1-0"]
[WhiteCountry "AUS"]
[BlackCountry "CZE"]
[WhiteElo "1938"]
[WhiteRD "83"]
[BlackElo "1770"]
[BlackRD "54"]
[GameID "451922"]

1. e4 d5 2. exd5 Qxd5 3. Nc3 Qd6 4. d4 Nf6 5. Nf3 a6 6. g3 Bg4 7. Bg2 c6 8. O-O e6 9. Bf4 Qd8 10. h3 Bxf3
11. Bxf3 Bb4 12. a3 Ba5 13. Ne4 Nxe4 14. Bxe4 Nd7 15. Qd3 f5 16. Bf3 O-O 17. Qb3 Re8 18. Qxb7 Qc8 19. Bxc6 Qxb7 20. Bxb7 Rad8
21. Bxa6 Nf6 22. Rfd1 Nd5 23. Bb5 Re7 24. Bg5 Nf6 25. c4 h6 26. Bxf6 gxf6 27. d5 exd5 28. Rxd5 Rxd5 29. cxd5 Rb7 30. a4 Bb4
31. Rc1 Kf7 32. Rc6 Re7 33. d6 Re1+ 34. Kg2 Ba5 35. d7 Rd1 36. Rc5 Bd8 37. Rxf5 Rd2 38. b4 Rd4 39. Rf4 Rd6 40. a5
1-0

[Event "Play your favorite openings"]
[Site "SchemingMind.com"]
[Date "2020.03.01"]
[Round "-"]
[White "Clive Everill"]
[Black "Glenn O'Brien"]
[Result "0-1"]
[WhiteCountry "CZE"]
[BlackCountry "AUS"]
[WhiteElo "1779"]
[WhiteRD "57"]
[BlackElo "1948"]
[BlackRD "89"]
[GameID "451923"]

1. Nf3 d5 2. c4 d4 3. g3 c5 4. b4 cxb4 5. a3 bxa3 6. Bxa3 Nc6 7. Bg2 e5 8. Bxf8 Kxf8 9. d3 Nf6 10. O-O g6
11. Qd2 h6 12. Na3 a6 13. Nc2 e4 14. Nfe1 Qe7 15. e3 exd3 16. Qxd3 Bf5 17. Qa3 Qxa3 18. Rxa3 dxe3 19. Nxe3 Ng4 20. Nxf5 gxf5
21. Nd3 f6 22. Nc5 Rc8 23. Nxb7 Nd4 24. c5 Ra8 25. Rd1 Ne2+ 26. Kh1 Nxf2#
0-1

[Event "Play your favorite openings"]
[Site "SchemingMind.com"]
[Date "2020.02.29"]
[Round "-"]
[White "Glenn O'Brien"]
[Black "kenneth m day"]
[Result "1/2-1/2"]
[WhiteCountry "AUS"]
[BlackCountry "USA"]
[WhiteElo "1938"]
[WhiteRD "83"]
[BlackElo "1743"]
[BlackRD "52"]
[GameID "451924"]

1. e4 e5 2. Nf3 Nc6 3. Bb5 Nf6 4. O-O Nxe4 5. d4 Nd6 6. Bxc6 dxc6 7. dxe5 Nf5 8. Qxd8+ Kxd8 9. Nc3 Be6 10. Rd1+ Ke8
11. Ng5 Be7 12. Nxe6 fxe6 13. Ne4 Rd8 14. Rxd8+ Bxd8 15. Be3 Nxe3 16. fxe3 Be7 17. Rd1 Rf8 18. Rf1 Rf5 19. Rxf5 exf5 20. Ng3 g6
21. Ne2 Kd7 22. Nf4 g5 23. Nd3 Ke6 24. Kf2 Bf8 25. c3 b6 26. h3 Bg7=
1/2-1/2

[Event "Play your favorite openings"]
[Site "SchemingMind.com"]
[Date "2020.03.01"]
[Round "-"]
[White "kenneth m day"]
[Black "Glenn O'Brien"]
[Result "0-1"]
[WhiteCountry "USA"]
[BlackCountry "AUS"]
[WhiteElo "1771"]
[WhiteRD "48"]
[BlackElo "1997"]
[BlackRD "81"]
[GameID "451925"]

1. e4 e5 2. Nf3 Nc6 3. c3 Nf6 4. d4 exd4 5. e5 Nd5 6. Qb3 Nb6 7. cxd4 d6 8. Bb5 Be6 9. Bxc6+ bxc6 10. Qc2 Bd5
11. Nbd2 dxe5 12. dxe5 Bb4 13. O-O O-O 14. a3 Bxd2 15. Nxd2 Qg5 16. Nf3 Qh5 17. Qe2 Bc4 18. Qe4 Bxf1 19. Kxf1 Qg6 20. Qxg6 hxg6
21. Bf4 Nd5 22. Bg3 Rfb8 23. b4 a5 24. Rc1 axb4 25. axb4 Nxb4 26. Nd4 Ra6 27. e6 Rc8 28. e7 Re8 29. Re1 Nd5 30. h3 c5
31. Nb5 Rxe7 32. Rxe7 Nxe7 33. Bxc7 Rc6 34. Bf4 c4 35. Nc3 Nf5 36. g4 Nd4 37. Be3 Nc2 38. Bc1 Nb4 39. Bd2 Kf8 40. Ke2 Re6+
41. Kf3 Ke7 42. Ne4 Nd5 43. Nc5 Rc6 44. Ne4 c3 45. Bc1 c2 46. Ke2 Nc3+ 47. Nxc3 Rxc3 48. Kd2 Rf3 49. Kxc2 Rxf2+ 50. Kd3 Rf3+
51. Ke4 Rxh3 52. Bf4 Ke6 53. Bc7 f5+ 54. gxf5+ gxf5+ 55. Kf4 Rh4+ 56. Kg3 g5 57. Bd8 f4+ 58. Kf3 Kf5 59. Kg2 Kg4 60. Be7 f3+
61. Kf2 Rh2+ 62. Kf1 Rc2 63. Bb4 Kh3 64. Bd6 g4 65. Bf4 g3 66. Ke1 f2+ 67. Kd1 Ra2
0-1

[Event "Play your favorite openings"]
[Site "SchemingMind.com"]
[Date "2020.02.29"]
[Round "-"]
[White "Glenn O'Brien"]
[Black "krzysztof"]
[Result "1-0"]
[WhiteCountry "AUS"]
[BlackCountry "POL"]
[WhiteElo "1948"]
[WhiteRD "89"]
[BlackElo "1605"]
[BlackRD "73"]
[GameID "451926"]

1. e4 e6 2. d4 d5 3. Nc3 dxe4 4. Nxe4 c6 5. Nf3 h6 6. Bd3 Bb4+ 7. c3 Ba5 8. Bf4 Nf6 9. Nd6+ Ke7 10. Qa4 b5
11. Qa3 b4 12. Nxc8+ Kf8 13. cxb4 Bc7 14. Bxc7 Qxc7 15. b5+ Kg8 16. Ne7+ Qxe7 17. Qxe7 Nbd7 18. bxc6 Nb6 19. Ne5 Nbd5 20. Qxf7#
1-0

[Event "Play your favorite openings"]
[Site "SchemingMind.com"]
[Date "2020.03.01"]
[Round "-"]
[White "krzysztof"]
[Black "Glenn O'Brien"]
[Result "0-1"]
[WhiteCountry "POL"]
[BlackCountry "AUS"]
[WhiteElo "1605"]
[WhiteRD "73"]
[BlackElo "1948"]
[BlackRD "89"]
[GameID "451927"]

1. h3 e5 2. e4 Nf6 3. f3 Bc5 4. Ne2 Nc6 5. c3 Nh5 6. h4 O-O 7. g4 Be7 8. g5 d5 9. Qa4 dxe4 10. Qxe4 g6
11. Bh3 Bxh3 12. Rxh3 Qd7 13. Qg4 Rad8 14. Na3 f6 15. d4 Bxa3 16. bxa3 exd4 17. cxd4 Nxd4 18. Bb2 Nc2+ 19. Kf1 Ne3+ 20. Kf2 Nxg4+
21. fxg4 fxg5+ 22. Kg2 Qxg4+ 23. Ng3 Nf4+ 24. Kg1 Nxh3+
0-1

[Event "Play your favorite openings"]
[Site "SchemingMind.com"]
[Date "2020.03.01"]
[Round "-"]
[White "Glenn O'Brien"]
[Black "David Perna-Fraser"]
[Result "1-0"]
[WhiteCountry "AUS"]
[BlackCountry "CAN"]
[WhiteElo "1997"]
[WhiteRD "81"]
[BlackElo "1919"]
[BlackRD "62"]
[GameID "451928"]

1. e4 e5 2. Nf3 Nf6 3. Nxe5 d6 4. Nf3 Nxe4 5. d4 d5 6. Bd3 Bd6 7. O-O O-O 8. c4 c6 9. cxd5 cxd5 10. Nc3 Nxc3
11. bxc3 Nc6 12. Rb1 Re8 13. Ng5 g6 14. Qf3 Be6 15. Rxb7 Re7 16. Nxe6 fxe6 17. Bg5 Rxb7 18. Bxd8 Rxd8 19. Qe2 Re7 20. Bb5 Nb8
21. c4 dxc4 22. Bxc4 Kf7 23. Re1 Rde8 24. Qe3 Nd7 25. Bb5 Kg8 26. Qb3 Kf7 27. Rxe6 Rxe6 28. Bxd7 Re7 29. Bc8 Kf6 30. Bxe6 Rxe6
31. g3 h5 32. Qf3+ Kg7 33. Qb7+ Re7 34. Qa6 Bb4 35. a3 Be1 36. d5 Rf7 37. f4 h4 38. Qd3 hxg3 39. hxg3 Ba5 40. d6 Bb6+
41. Kg2 Rd7 42. g4 Kh7 43. f5 g5 44. Qe4 Bc5 45. f6+ Kh6 46. Qe8 Rxd6 47. Qh5#
1-0

[Event "Play your favorite openings"]
[Site "SchemingMind.com"]
[Date "2020.03.01"]
[Round "-"]
[White "David Perna-Fraser"]
[Black "Glenn O'Brien"]
[Result "0-1"]
[WhiteCountry "CAN"]
[BlackCountry "AUS"]
[WhiteElo "1984"]
[WhiteRD "63"]
[BlackElo "1953"]
[BlackRD "82"]
[GameID "451929"]

1. Nf3 d5 2. d4 Nf6 3. Bf4 e6 4. Nc3 Bb4 5. a3 Bxc3+ 6. bxc3 Ne4 7. Qd3 O-O 8. g3 Nc6 9. Bg2 g5 10. Bd2 f5
11. h4 g4 12. Ng5 Nxd2 13. Qxd2 Re8 14. Rb1 h6 15. Nf7 Kxf7 16. Qxh6 Rh8 17. Qf4 Qd6 18. Qg5 Qxa3 19. h5 Qxc3+ 20. Kf1 Rg8
21. Qf4 Nxd4 22. Rc1 Bd7 23. Qh6 Bb5 24. Kg1 Nxe2+ 25. Kh2 Qh8 26. Qxh8 Rxh8
0-1

[Event "Play your favorite openings"]
[Site "SchemingMind.com"]
[Date "2020.02.29"]
[Round "-"]
[White "Glenn O'Brien"]
[Black "Raymond de Kemp"]
[Result "1-0"]
[WhiteCountry "AUS"]
[BlackCountry "NED"]
[WhiteElo "1938"]
[WhiteRD "83"]
[BlackElo "1855"]
[BlackRD "68"]
[GameID "451930"]

1. e4 c5 2. Nf3 d6 3. d4 cxd4 4. Nxd4 Nf6 5. Nc3 a6 6. Bg5 e6 7. f4 h6 8. Bh4 Qb6 9. a3 Nbd7 10. Bf2 Qc7
11. Qe2 b5 12. g3 Bb7 13. Bg2 e5 14. Nb3 Be7 15. O-O exf4 16. gxf4 h5 17. Bf3 h4 18. e5 Nh5 19. Bxb7 Qxb7 20. exd6 Ndf6
21. Qxe7+ Qxe7 22. dxe7 Nxf4 23. Bc5 Rh6 24. Rxf4 Rg6+ 25. Kh1
1-0

[Event "Play your favorite openings"]
[Site "SchemingMind.com"]
[Date "2020.03.01"]
[Round "-"]
[White "Raymond de Kemp"]
[Black "Glenn O'Brien"]
[Result "0-1"]
[WhiteCountry "NED"]
[BlackCountry "AUS"]
[WhiteElo "1855"]
[WhiteRD "68"]
[BlackElo "1938"]
[BlackRD "83"]
[GameID "451931"]

1. d4 Nf6 2. Bf4 d5 3. e3 e6 4. Bd3 c5 5. dxc5 Bxc5 6. Nd2 O-O 7. h4 Bd6 8. Nh3 e5 9. Bg3 e4 10. Bxd6 Qxd6
11. Be2 Qe5 12. c3 Bxh3 13. Rxh3 Nc6 14. Qb3 Qe7 15. O-O-O Rad8 16. Rdh1 Ne5 17. Qd1 Rc8 18. g4 Qe6 19. g5 Nfg4 20. Qg1 Nd3+
21. Bxd3 exd3 22. Rg3 Ne5 23. f4 Nc4 24. Nb3 Qb6 25. Qg2 d2+ 26. Kb1 d1=R+ 27. Rxd1 Nxe3 28. Rxe3 Qxe3 29. Rxd5 Qxf4 30. Rd4 Qf5+
31. Ka1 Rfe8 32. a3 Re1+
0-1